000 00276nam a22000977a 4500
082 _a823
_bKEE/N
100 _aKEENE,CAROLYN
245 _aNANCY DREW-THE LEGEND OF MINORS GREEK
246 _aNANCY DREW-THE LEGEND OF MINORS GREEK
_bNANCY DREW-THE LEGEND OF MINORS GREEK
942 _cBK
999 _c8310
_d8310